Statistics for Solve the Secret Two-Country Scramble

Click here to take the quiz!

General Stats

  • This quiz has been taken 526 times
  • The average score is 10 of 22

Answer Stats

Answer% Correct
UQatar
88%
Canada
85%
Kazakhstan
72%
JNauru
63%
OFinland
61%
Angola
60%
Afghanistan
57%
Kuwait
57%
ATogo
57%
Germany
54%
Guyana
47%
DBrazil
46%
ESomalia
39%
RBrunei
38%
PTonga
38%
PERU
35%
Barbados
33%
JORDAN
31%
NHaiti
25%
Singapore
24%
El Salvador
18%
RCape Verde
17%

Score Distribution

Percentile by Number Answered

Percent of People with Each Score

Your Score History

You have not taken this quiz